000 00430nam a22001697a 4500
005 20160621151255.0
008 160621b xxu||||| |||| 00| 0 eng d
020 _a81-900997-2-8
041 _aeng
082 _b8779
100 _aBhattacharya, D.C
_92412
245 _aInternational Relations since the Twentyeth Century
260 _bVijaya Publicing house
_c2008
300 _a613
650 _aManagement
_9241
942 _cBK
999 _c3412
_d3411